000 00362nam a2200145Ia 4500
008 230917s9999||||xx |||||||||||||| ||und||
040 _e200224
_aMAIN
041 _aEnglish
082 _a491.22 M439N
100 _aYudhishthir
245 0 _aNirukta sammuchya
260 _aAjmer
_bBharatiya Prachya Vidhya Pratishthan
_c1965
300 _a101 p.
942 _cBK
999 _c194288
_d194288